02420cam a22004334a 450000100090000000300040000900500170001300800410003001000170007102000150008802000180010302200060012103500130012703500200014004000360016004200080019605000210020424501040022525000520032926000480038130000800042933600260050933700280053533800270056350001110059050400640070150507660076552000060153165000140153765000260155165000230157765000320160070000220163270000520165485600770170694200410178395201450182499900170196913169853GZU20260512083357.0030417s2003 mauaf b 001 0 eng  a 2003009081 a1405107251 a9781405107259 a. a13169853 a(DNLM)101175558 aDNLM/DLCcDLCdGZULibbengerda apcc00aRC660b.WAT 200300aDiabetes and its management /cPeter J. Watkins, Stephanie A. Amiel, Simon L. Howell, Eileen Turner aSixth edition /bPeter J. Watkins ... [et al.]. aMalden, Mass. :bBlackwell Science,cc2003. axi, 224 pages, [4] pages of plates :billustrations (some colour) ;c25 cm. atextbtxt2rdacontent aunmediatedbn2rdamedia avolumebnc2rdacarrier aRev. ed. of: Diabetes and its management / Peter J. Watkins, Paul L. Drury, Simon L. Howell. 5th ed. 1996. aIncludes bibliographical references (p. 216-218) and index.0 a1. Diagnosis and classification -- 2. Epidemiology of diabetes -- 3. Synthesis, secretion and actions of insulin -- 4. Metabolic changes in diabetes: a summary -- 5. Aetiology and genetics -- 6. Clinical features of diabetes -- 7. Management of type 2 diabetes -- 8. Management of type 1 diabetes mellitus -- 9. Hypoglycaemia -- 10. Diabetic hyperglycaemic emergencies -- 11. Management of diabetes during surgery and other illnesses -- 12. Pregnancy and diabetes -- 13. Diabetes in children -- 14. An overview of microvascular complications -- 15. Diabetes and the kidney -- 16. Diabetic eye disease -- 17. Diabetic neuropathies -- 18. The diabetic foot -- 19. Cardiovascular disease -- 20. Hypertension -- 21. Living with diabetes -- 22. Organization of care. a. 0aDiabetes. 0aDiabetes in children.12aDiabetes Mellitus.22aDiabetes Mellitusxtherapy.1 aWatkins, Peter J.1 aWatkins, Peter J.tDiabetes and its management.413Table of contentsuhttp://www.loc.gov/catdir/toc/ecip043/2003009081.html 2lcccBKeSixth editionh660iWATkRC 00102lcc40708NFICaMTHLbMTHLcGENd2026-05-12eDonation from UKZNl0oRC660 WAT 2003p034574r2026-05-12 08:34:44tc. 1w2026-05-12yBK c11805d11805